Britannica ready reference encyclopedia (Record no. 4973)

MARC details
000 -LEADER
fixed length control field 00448nam a2200169Ia 4500
003 - CONTROL NUMBER IDENTIFIER
control field GBCCL
005 - DATE AND TIME OF LATEST TRANSACTION
control field 20241126110531.0
008 - FIXED-LENGTH DATA ELEMENTS--GENERAL INFORMATION
fixed length control field 180216b ||||| |||| 00| 0 eng d
020 ## - INTERNATIONAL STANDARD BOOK NUMBER
International Standard Book Number 8181310985
040 ## - CATALOGING SOURCE
Transcribing agency GBC
082 ## - DEWEY DECIMAL CLASSIFICATION NUMBER
Classification number 032
Item number BRI
245 ## - TITLE STATEMENT
Title Britannica ready reference encyclopedia
260 ## - PUBLICATION, DISTRIBUTION, ETC.
Name of publisher, distributor, etc. Encyclopedia Britannica,
Place of publication, distribution, etc. New Delhi :
Date of publication, distribution, etc. 2004.
300 ## - PHYSICAL DESCRIPTION
Extent v.
650 ## - SUBJECT ADDED ENTRY--TOPICAL TERM
Topical term or geographic name entry element Britannica encyclopedia
Form subdivision ready reference
9 (RLIN) 8993
942 ## - ADDED ENTRY ELEMENTS (KOHA)
Source of classification or shelving scheme Dewey Decimal Classification
Koha item type Books
Holdings
Withdrawn status Lost status Source of classification or shelving scheme Damaged status Not for loan Home library Current Library Shelving location Date acquired Total checkouts Full call number Barcode Date last seen Copy number Price effective from Koha item type
    Dewey Decimal Classification     GRACE BIBLE COLLEGE GRACE BIBLE COLLEGE Encyclopedia 2018-02-16   032 BRI 006839 2025-05-01 v.2 2018-02-16 Reference Books
    Dewey Decimal Classification     GRACE BIBLE COLLEGE GRACE BIBLE COLLEGE Encyclopedia 2018-02-16   032 BRI 006840 2025-05-01 v.3 2018-02-16 Reference Books
    Dewey Decimal Classification     GRACE BIBLE COLLEGE GRACE BIBLE COLLEGE Encyclopedia 2018-02-16   032 BRI 006841 2025-05-01 v.4 2018-02-16 Reference Books
    Dewey Decimal Classification     GRACE BIBLE COLLEGE GRACE BIBLE COLLEGE Encyclopedia 2018-02-16   032 BRI 006842 2025-05-01 v.5 2018-02-16 Reference Books
    Dewey Decimal Classification     GRACE BIBLE COLLEGE GRACE BIBLE COLLEGE Encyclopedia 2018-02-16   032 BRI 006843 2025-05-01 v.6 2018-02-16 Reference Books
    Dewey Decimal Classification     GRACE BIBLE COLLEGE GRACE BIBLE COLLEGE Encyclopedia 2018-02-16   032 BRI 006844 2025-05-01 v.7 2018-02-16 Reference Books
    Dewey Decimal Classification     GRACE BIBLE COLLEGE GRACE BIBLE COLLEGE Encyclopedia 2018-02-16   032 BRI 006845 2025-05-01 v.8 2018-02-16 Reference Books
    Dewey Decimal Classification     GRACE BIBLE COLLEGE GRACE BIBLE COLLEGE Encyclopedia 2018-02-16   032 BRI 006846 2025-05-01 v.9 2018-02-16 Reference Books
    Dewey Decimal Classification     GRACE BIBLE COLLEGE GRACE BIBLE COLLEGE Encyclopedia 2018-02-16   032 BRI 006847 2025-05-01 v.10 2018-02-16 Reference Books
    Dewey Decimal Classification     GRACE BIBLE COLLEGE GRACE BIBLE COLLEGE Encyclopedia 2018-02-16   032 BRI 006838 2025-05-01 v.1 2018-02-16 Reference Books
© Grace Bible College Library 2025